01829nam a22002897a 4500952009400000999001900094008004100113020001800154082001500172245017100187260003300358300006200391500012900453504007600582505048500658519004101143650003401184650001701218650003901235650003701274700004601311700005501357700003801412700003801450700003901488942001201527 00104070a22b22d2020-02-12l0o909.82 M923dp01 015234r2020-02-12t1w2020-02-12yLB c104858d104858150106r20112010mx bo||| |||| 00| 0 spa d a9786077705017 a909bM923d aEl mundo de 1945 a 1979 b : la conformación del mundo bipolar y del tercer mundoc/ coordinadores Sergio Valencia Castrejón y Alma Guadalupe Palacios Hernández aMéxicob : Edere c , 2010 a88 páginasbilustrado, mapas, fotografías, gráficas aTítulo en portada: Historia mundial del Imperialismo a la globalización de 1945 a 1979 Primera Reimpresión del 2011  aIncluye: Bibliografía, Actividades, Ligas útiles en cada capítulo aEl mundo después de la guerra : Costos sociales y económicos. Plan Marshall. Las instituciones internacionales de posguerra: Marina Llanos Hernández La conformación del mundo bipolar: Sergio Valencia Castrejón Descolonización, movimientos de liberación nacional y Tercer Mundo: Arturo Luis Alonzo Padilla Las respuestas sociales a la bipolaridad : los movimientos de contracultura y las contradicciones al interior del bloque soviético: Sergio Valencia Castrejón aMaterial Complementariod(01 015234)14aHISTORIA UNIVERSALy1945-197924aIMPERIALISMO24aGLOBALIZACIONxASPECTOS ECONOMICOS20aGLOBALIZACIONxASPECTOS SOCIALES aValencia Castrejón, Sergioecoordinador aPalacios Hernández, Alma Guadalupeecoordinadora aFavela Gavia, Laura Rebecaeautor aLlanos Hernández, Marinaeautor aAlonzo Padilla, Arturo Luiseautor cLB2lcc